Mission formada (Record no. 8300)

MARC details
000 -CABECERA
campo de control de longitud fija 02090nam a2200265 a 4500
001 - NÚMERO DE CONTROL
campo de control BRCA_8640
003 - IDENTIFICADOR DEL NÚMERO DE CONTROL
campo de control FranzMayer
005 - FECHA Y HORA DE LA ÚLTIMA TRANSACCIÓN
campo de control 20230724143035.0
008 - DATOS DE LONGITUD FIJA--INFORMACIÓN GENERAL
campo de control de longitud fija 270916s1731----sp-#######---#000-0#spa-#
040 ## - FUENTE DE LA CATALOGACIÓN
Centro catalogador/agencia de origen MFM
Lengua de catalogación esp
Centro/agencia transcriptor MFM
041 ## - CÓDIGO DE LENGUA
Código de lengua del texto/banda sonora o título independiente spa
044 ## - CÓDIGO DEL PAÍS DE LA ENTIDAD EDITORA/PRODUCTORA
Código MARC del país sp
084 ## - OTRO NÚMERO DE CLASIFICACIÓN
Número de clasificación BE33
Número de documento/Ítem .J63 1731
100 1# - ENTRADA PRINCIPAL--NOMBRE DE PERSONA
Nombre de persona Joaquín de Jesús
Títulos y otros términos asociados al nombre (O.F.M.)
9 (RLIN) 21566
245 10 - MENCIÓN DE TÍTULO
Título Mission formada
Resto del título contiene varios sermones, y assumtos muy essenciales, que se pueden predicar para bien de las Almas, y reforma universal de los Pueblos : dividida en dos tomos. Dedicalos con todo afecto a la magestad de christo crucificado, con la advocación de la salud, que se venera en el Real Convento de San Gil de Madrid
Mención de responsabilidad, etc. su autor P. Fr. Joachin de Jesus Predicador Misionero y Difinidor habitual de la Santa Provincia de S. Joseph de Descalzos de la mas estrecha Observancia de nuestro P.S. Francisco ; tomo primero.
260 ## - PUBLICACIÓN, DISTRIBUCIÓN, ETC.
Lugar de publicación, distribución, etc. Madrid
Nombre del editor, distribuidor, etc. En la Oficina de Manuel Martinez
Fecha de publicación, distribución, etc. 1731
300 ## - DESCRIPCIÓN FÍSICA
Extensión [40], 369, [13] p.
Dimensiones 21 x 15.5 cm.
500 ## - NOTA GENERAL
Nota general Estado físico : lomo desprendido, hojas con manchas y cintas rotas
500 ## - NOTA GENERAL
Nota general Con marca de fuego : ´Procedencia de la marca: Convento de Santa Teresa Jesús de Querétaro(1). Institución: Orden de Carmelitas Descalzos. Provincia de San Alberto de México. Descripción: Variación sobre las armas de la Orden del Monte Carmelo. Un mantel sumado de una cruz patada y cargado de una letra capital Q. Al timbre, corona real abierta. Observaciones: Esta marca conserva tres elementos del escudo carmelita: la cruz, el mantel / monte y la corona de tres florones, simplificación de la de 12 estrellas (sentido místico del Apocalipsis) (2) ---------- En 2006 Fermín Campos sugirió que la inicial Q es la sigla de la palabra ´Querétaro´. Ubicación de la marca en el libro: Canto superior´
650 14 - PUNTO DE ACCESO ADICIONAL DE MATERIA--TÉRMINO DE MATERIA
Término de materia o nombre geográfico como elemento de entrada Iglesia católica
Subdivisión general Sermones
9 (RLIN) 21286
700 1# - PUNTO DE ACCESO ADICIONAL--NOMBRE DE PERSONA
Nombre de persona Martínez, Manuel, (Madrid)
9 (RLIN) 21567
856 ## - LOCALIZACIÓN Y ACCESO ELECTRÓNICOS
Nombre del host http://www.marcasdefuego.buap.mx:8180/xmLibris/projects/firebrand/item.jsp?repository=marcas_de_fuego&key=1cac16ac.xml&num=19
902 ## - CATALOGADOR
Iniciales CFM
942 ## - ELEMENTOS DE PUNTO DE ACCESO ADICIONAL (KOHA)
Fuente del sistema de clasificación o colocación Library of Congress Classification
Tipo de ítem Koha Libros
Holdings
Estado de retiro Estado de pérdida Fuente del sistema de clasificación o colocación Estado dañado No para préstamo Código de colección Localización permanente Ubicación/localización actual Fecha de adquisición Fuente de adquisición Total de préstamos Signatura topográfica completa Código de barras Fecha visto por última vez Precio válido a partir de Tipo de ítem Koha
El ejemplar forma parte de la colección y puede ser consultado según las políticas vigentes.   Library of Congress Classification     Conventual Franz Mayer Biblioteca del Museo Franz Mayer (Rogerio Casas-Alatriste) Biblioteca del Museo Franz Mayer (Rogerio Casas-Alatriste) 23/09/2016 Donación   BE33 .J63 1731 CFM00030 22/03/2019 22/03/2019 Libros